000 00527nam a2200193Ia 4500
005 20250326123857.0
008 250326s9999 xx 000 0 und d
037 _aTextbook
040 _aFMSL
_beng
_cFMSL
041 _aeng
_2eng
084 _aS8 J81
_qFMSL
100 _aMaccoby E E
_9736295
245 0 _aReadings in social psycholocy
_cMaccoby E E; Newcomb T M And Others
250 _a3
260 _aLondon
_bLondon, Methuen
_c1958
300 _a674p
942 _cTB
_hS8 J81
999 _c1271312
_d1271312